Poerty and the foundation of light / (Record no. 11894)
[ view plain ]
| 000 -LEADER | |
|---|---|
| fixed length control field | 00368cam a2200145ua 4500 |
| 041 ## - LANGUAGE CODE | |
| Language code of text/sound track or separate title | eng |
| 082 ## - DEWEY DECIMAL CLASSIFICATION NUMBER | |
| Classification number | 828.09 |
| Item number | SWA/PO |
| 100 ## - MAIN ENTRY--AUTHOR NAME | |
| Personal name | Sudarsan, . |
| 245 ## - TITLE STATEMENT | |
| Title | Poerty and the foundation of light / |
| 260 ## - PUBLICATION, DISTRIBUTION, ETC. (IMPRINT) | |
| Place of publication | : |
| Name of publisher | George allen & Union Ltd , |
| Year of publication | 1962. |
| 300 ## - PHYSICAL DESCRIPTION | |
| Number of Pages | 168 ; |
| Accompanying material | `. |
| 942 ## - ADDED ENTRY ELEMENTS (KOHA) | |
| Koha item type | Books |
| Withdrawn status | Lost status | Damaged status | Home library | Current library | Date acquired | Cost, normal purchase price | Full call number | Accession Number | Koha item type |
|---|---|---|---|---|---|---|---|---|---|
| Withdrawn | KAUAET | KAUAET | 07/04/2012 | 25.00 | 828.09 | 6903 | Books |
